Baltische und slavische Prosodie International Workshop on Balto-Slavic Accentology IV (Scheibbs, 2. - 4. Juli 2008) : Scheibbser Internationale Sprachhistorische Tage I.
| Corporate Author: | |
|---|---|
| Other Authors: | |
| Format: | Conference Proceeding Book |
| Language: | German English French Russian |
| PhysicalDescription: | 186 s. 22 cm |
| Published: |
Frankfurt am Main
Peter Lang
c2011
|
| ISBN: | 9783631602522 |
| ISSN: | 0949-023X |
| Series: | Schriften über Sprachen und Texte
|
| Subjects: |
MARC
| LEADER | 00000nam a2200000 a 4500 | ||
|---|---|---|---|
| 001 | vtls010291262 | ||
| 003 | SK-MaSNL | ||
| 005 | 20260301213539.0 | ||
| 008 | 251029s2011 gw n 100 0 ger | ||
| 015 | |a SNBZSA2012-00532 | ||
| 020 | |a 9783631602522 |q (viaz.) | ||
| 035 | |a 9ABA6D96-760E-4D1B-A2BF-BDE8F151BC41 | ||
| 035 | |a urn:nbn:sk:snk-aml643 | ||
| 035 | |a urn:nbn:sk:snk-am008uzd | ||
| 040 | |a SNK |b slo |c SNK |e AACR2 | ||
| 041 | 0 | |a ger |a eng |a fre |a rus | |
| 044 | |a gw |c DE | ||
| 072 | 7 | |a 811.16 |x Slovanské jazyky |2 konspekt | |
| 072 | 7 | |a 811.17 |x Baltské jazyky |2 konspekt | |
| 080 | |a 811.16 |x (062.534) |2 2001 | ||
| 080 | |a 811.17 |2 2001 | ||
| 080 | |a 801.6 |2 2001 | ||
| 111 | 2 | |a International Workshop on Balto-Slavic Accentology |n (4. : |d 2008 : |c Scheibbs, Rakúsko) |9 600625 | |
| 245 | 1 | 0 | |a Baltische und slavische Prosodie |b International Workshop on Balto-Slavic Accentology IV (Scheibbs, 2. - 4. Juli 2008) : Scheibbser Internationale Sprachhistorische Tage I. |c Elena Stadnik-Holzer (Hrsg.) |
| 260 | |a Frankfurt am Main |b Peter Lang |c c2011 | ||
| 300 | |a 186 s. |c 22 cm | ||
| 490 | 1 | |a Schriften über Sprachen und Texte |x 0949-023X |v Bd. 11 | |
| 504 | |a Bibliogr. odkazy | ||
| 546 | |a Text čiast. angl., franc., rus. | ||
| 650 | 0 | 7 | |a baltské jazyky |2 snkph |9 81436 |
| 650 | 0 | 7 | |a slovanské jazyky |2 snkph |9 1338 |
| 650 | 0 | 7 | |a prozódia |2 snkph |9 67442 |
| 655 | 7 | |a zborníky konferencií |2 snkph |9 70153 | |
| 700 | 1 | |a Stadnik-Holzer, Elena |4 edt |9 600626 | |
| 830 | 0 | |a Schriften über Sprachen und Texte |9 304363 | |
| 919 | |a 978-3-631-60252-2 | ||
| 958 | |a ZS | ||
| 958 | |a SS | ||
| 999 | |c 921978 |d 923908 | ||
| 952 | |a SNK |b SNK |y PREZ |7 0 |p 17A0707776 |o snkSC 146192 |i snk2011/15673 |8 2 |g 42.80 |0 0 |1 0 |4 0 |d 2011-07-08 |f 1 |l 0 |r 2025-07-15 00:00:00 |w 2026-02-24 | ||


